[Event "12. Open Internacional Málaga"]
[Site "Malaga ESP"]
[Date "2009.07.12"]
[Round "2.28"]
[White "Bellon Fernandez, Javier"]
[Black "Flores Chico, Jorge"]
[Result "1-0"]
[WhiteElo "1863"]
[BlackElo "2108"]
[PlyCount "73"]
[EventDate "2009.07.11"]
[EventType "swiss"]
[EventRounds "9"]
[EventCountry "ESP"]
[Source "lmi"]
[SourceDate "2009.07.11"]

1. e4 e6 2. d4 d5 3. Nc3 dxe4 4. Nxe4 Nf6 5. Nxf6+ Qxf6 6. Nf3 h6 7. c3 Bd6 8.
Bb5+ Nd7 9. Qe2 c6 10. Ba4 O-O 11. Be3 e5 12. O-O-O e4 13. Nd2 Re8 14. Bc2 Qg6
15. f3 f5 16. fxe4 fxe4 17. Rhf1 Nf6 18. h3 Be6 19. Bf4 Bxf4 20. Rxf4 Qg5 21.
Rff1 Bxa2 22. b3 Nd5 23. Kb2 Ne3 24. Nxe4 Rxe4 25. Bxe4 Nxd1+ 26. Rxd1 Bxb3 27.
Kxb3 a5 28. Bd3 a4+ 29. Ka2 Rf8 30. Rf1 Rxf1 31. Qxf1 Qd2+ 32. Kb1 a3 33. Bc4+
Kh7 34. Qf5+ Kh8 35. Qf8+ Kh7 36. Qxa3 Qxg2 37. Bd3+ 1-0

[Event "12. Open Internacional Málaga"]
[Site "Malaga ESP"]
[Date "2009.07.12"]
[Round "2.29"]
[White "Velasco Gomez, Esperanza"]
[Black "Ramos Moreno, Francisco Jose"]
[Result "1/2-1/2"]
[WhiteElo "1851"]
[BlackElo "2103"]
[PlyCount "61"]
[EventDate "2009.07.11"]
[EventType "swiss"]
[EventRounds "9"]
[EventCountry "ESP"]
[Source "lmi"]
[SourceDate "2009.07.11"]

1. e4 Nf6 2. e5 Nd5 3. d4 e6 4. Nf3 b6 5. c4 Bb4+ 6. Nbd2 Ne7 7. Bd3 Bb7 8. O-O
Bxd2 9. Bxd2 d5 10. Bg5 Nbc6 11. a3 Qd7 12. b4 dxc4 13. Be4 O-O-O 14. b5 Na5
15. Bxb7+ Kxb7 16. Qa4 h6 17. Bd2 Nb3 18. Rad1 Qd5 19. Bc3 g5 20. Nd2 Nxd2 21.
Rxd2 Ng6 22. g3 g4 23. Rb1 h5 24. Rb4 Ra8 25. Rxc4 h4 26. Rc2 Qf3 27. Be1 Rhc8
28. Qb4 h3 29. Kf1 Qh1+ 30. Ke2 Qf3+ 31. Kf1 1/2-1/2

[Event "12. Open Internacional Málaga"]
[Site "Malaga ESP"]
[Date "2009.07.12"]
[Round "2.30"]
[White "Guerreiro, Nuno"]
[Black "Hulligan, Steve"]
[Result "1-0"]
[WhiteElo "2095"]
[BlackElo "1860"]
[PlyCount "59"]
[EventDate "2009.07.11"]
[EventType "swiss"]
[EventRounds "9"]
[EventCountry "ESP"]
[Source "lmi"]
[SourceDate "2009.07.11"]

1. a3 d5 2. d4 Nf6 3. Nc3 Bf5 4. Bg5 Nbd7 5. e3 e6 6. Bd3 Bxd3 7. cxd3 c5 8.
dxc5 Bxc5 9. Nge2 O-O 10. O-O h6 11. Bh4 a6 12. Rc1 Bd6 13. e4 dxe4 14. dxe4
Be7 15. Qc2 Rc8 16. Rfd1 Qa5 17. Rxd7 Nxd7 18. Bxe7 Rfe8 19. Bh4 Qh5 20. Bg3 b5
21. Rd1 Nb6 22. Rd6 Nc4 23. Rxa6 Red8 24. Bf4 Nxb2 25. h3 Nd3 26. Bd6 Ne5 27.
Qb3 Nd3 28. Rb6 Rxd6 29. Rxd6 Qc5 30. Rxd3 1-0

[Event "12. Open Internacional Málaga"]
[Site "Malaga ESP"]
[Date "2009.07.12"]
[Round "2.32"]
[White "De Francisco Y De Diego, Felipe"]
[Black "Illescas Lopez, Antonio"]
[Result "1/2-1/2"]
[WhiteElo "2044"]
[BlackElo "1841"]
[PlyCount "159"]
[EventDate "2009.07.11"]
[EventType "swiss"]
[EventRounds "9"]
[EventCountry "ESP"]
[Source "lmi"]
[SourceDate "2009.07.11"]

1. d4 Nf6 2. c4 c5 3. d5 b5 4. cxb5 a6 5. bxa6 Bxa6 6. Nc3 g6 7. Nf3 Bg7 8. Nd2
d6 9. e4 Bxf1 10. Nxf1 O-O 11. Ne3 Qa5 12. Bd2 Qb4 13. Qc2 Nbd7 14. a3 Qb7 15.
a4 Nb6 16. O-O Rfb8 17. b3 Nfd7 18. Rab1 Rc8 19. Nb5 Nb8 20. Bc3 Na6 21. Bxg7
Kxg7 22. Qc3+ Kg8 23. Ng4 f6 24. Nxf6+ exf6 25. Nxd6 Qe7 26. Nxc8 Nxc8 27. Rbe1
Nd6 28. e5 fxe5 29. Rxe5 Qf7 30. Re6 Nf5 31. Rfe1 Nc7 32. Rc6 Rd8 33. Qa5 Rd7
34. Rxc5 Nxd5 35. Qa8+ Kg7 36. Qb8 Rb7 37. Qe5+ Nf6 38. b4 Kh6 39. g4 Rxb4 40.
gxf5 Rxa4 41. Rc7 Qb3 42. Qe3+ Qxe3 43. Rxe3 gxf5 44. Re6 Rg4+ 45. Kf1 Rg6 46.
Re3 Rg4 47. Rc6 Rg6 48. Rc5 f4 49. Rh3+ Kg7 50. Rc7+ Kf8 51. Ke2 h6 52. Rh4 Ke8
53. Rxf4 Nd5 54. Re4+ Kd8 55. Rc5 Rd6 56. h4 Kd7 57. Kf3 Nf6 58. Ra4 Ke6 59.
Rca5 Rd2 60. Ra6+ Ke7 61. Ra7+ Ke6 62. R7a6+ Rd6 63. Rxd6+ Kxd6 64. Ra6+ Ke5
65. Rxf6 Kxf6 66. Kg4 Kg6 67. h5+ Kf6 68. f4 Ke6 69. Kg3 Kf6 70. Kf2 Ke7 71.
Ke3 Kf6 72. Ke4 Ke6 73. f5+ Kf6 74. Kf4 Kf7 75. Ke5 Ke7 76. f6+ Kf8 77. Ke4 Ke8
78. Kd5 Kf7 79. Ke5 Kf8 80. f7 1/2-1/2

[Event "12. Open Internacional Málaga"]
[Site "Malaga ESP"]
[Date "2009.07.12"]
[Round "2.37"]
[White "Morales De La Rosa, Enrique"]
[Black "Acriz Ibanez, Salvador"]
[Result "1-0"]
[WhiteElo "1993"]
[BlackElo "1583"]
[PlyCount "61"]
[EventDate "2009.07.11"]
[EventType "swiss"]
[EventRounds "9"]
[EventCountry "ESP"]
[Source "lmi"]
[SourceDate "2009.07.11"]

1. d4 Nf6 2. Nf3 d5 3. Bf4 c6 4. e3 e6 5. Bd3 Be7 6. c3 O-O 7. Nbd2 Nbd7 8. h3
c5 9. O-O c4 10. Bc2 b5 11. e4 dxe4 12. Nxe4 Bb7 13. Qe2 Nxe4 14. Bxe4 Bxe4 15.
Qxe4 Nf6 16. Qe5 Nd5 17. a3 a6 18. Rfe1 Nxf4 19. Qxf4 h6 20. Rad1 Bd6 21. Qe4
Qd7 22. d5 exd5 23. Rxd5 Rae8 24. Qd4 Rd8 25. Rd1 Qc6 26. Rxd6 Rxd6 27. Qxd6
Qb7 28. Re1 Qc8 29. Nd4 Re8 30. Re7 Rxe7 31. Qxe7 1-0

[Event "12. Open Internacional Málaga"]
[Site "Malaga ESP"]
[Date "2009.07.12"]
[Round "3.2"]
[White "Mogranzini, Roberto"]
[Black "Suba, Mihai"]
[Result "1/2-1/2"]
[WhiteElo "2415"]
[BlackElo "2540"]
[PlyCount "116"]
[EventDate "2009.07.11"]
[EventType "swiss"]
[EventRounds "9"]
[EventCountry "ESP"]
[Source "lmi"]
[SourceDate "2009.07.11"]

1. e4 c5 2. Nf3 d6 3. Bb5+ Nd7 4. d4 Ngf6 5. O-O cxd4 6. Qxd4 g6 7. e5 dxe5 8.
Qxe5 Bg7 9. Re1 e6 10. Qd6 a6 11. Bf1 Qb6 12. Qxb6 Nxb6 13. c4 Na4 14. Nbd2 O-O
15. Ne5 b6 16. b3 Nc5 17. Ba3 Bb7 18. Ndf3 Bxf3 19. Nxf3 Rfd8 20. Rad1 a5 21.
Ne5 Nfe4 22. Bb2 Rac8 23. g3 Nd2 24. Bg2 Nd3 25. Nxd3 Rxd3 26. Bxg7 Kxg7 27.
Re3 Rd4 28. Rc1 Rc5 29. Rec3 g5 30. h3 f5 31. R3c2 Kf6 32. Rc3 h5 33. f3 f4 34.
gxf4 gxf4 35. h4 a4 36. Kf2 axb3 37. axb3 b5 38. cxb5 Rxb5 39. Rc5 Rxb3 40.
Rxh5 Rb2 41. Kg1 Rd3 42. Rh6+ Ke7 43. Ra1 Nxf3+ 44. Bxf3 Rxf3 45. Ra7+ Kd6 46.
Ra6+ Ke5 47. Ra5+ Kd4 48. Ra4+ Kc5 49. Rxe6 Rg3+ 50. Kf1 Rh3 51. Ra5+ Kd4 52.
Rd6+ Ke4 53. Re6+ Kd4 54. Rd6+ Kc4 55. Rc6+ Kb4 56. Rb6+ Kxa5 57. Rxb2 f3 58.
Rb8 Rxh4 1/2-1/2

[Event "12. Open Internacional Málaga"]
[Site "Malaga ESP"]
[Date "2009.07.12"]
[Round "3.3"]
[White "Korneev, Oleg"]
[Black "Quillan, Gary"]
[Result "1-0"]
[WhiteElo "2537"]
[BlackElo "2405"]
[PlyCount "59"]
[EventDate "2009.07.11"]
[EventType "swiss"]
[EventRounds "9"]
[EventCountry "ESP"]
[Source "lmi"]
[SourceDate "2009.07.11"]

1. e4 e6 2. d4 d5 3. Nd2 Nf6 4. e5 Nfd7 5. c3 c5 6. f4 Nc6 7. Ndf3 cxd4 8. cxd4
Bb4+ 9. Bd2 Be7 10. Bd3 Qb6 11. Bc3 f6 12. Ne2 fxe5 13. fxe5 g5 14. h3 Nf8 15.
Qd2 Rg8 16. Ng3 Bd7 17. Nh5 O-O-O 18. Nf6 Rg7 19. O-O Be8 20. a4 a6 21. a5 Qa7
22. Kh1 h5 23. Nxg5 Nxd4 24. Bb4 Bxb4 25. Qxb4 Rxg5 26. Nxe8 Nd7 27. Rac1+ Nc6
28. Nd6+ Kb8 29. Rxc6 Nxe5 30. Rb6 1-0

[Event "12. Open Internacional Málaga"]
[Site "Malaga ESP"]
[Date "2009.07.12"]
[Round "3.5"]
[White "Strikovic, Aleksa"]
[Black "Bermejo Martinez, Jorge"]
[Result "1/2-1/2"]
[WhiteElo "2523"]
[BlackElo "2240"]
[PlyCount "119"]
[EventDate "2009.07.11"]
[EventType "swiss"]
[EventRounds "9"]
[EventCountry "ESP"]
[Source "lmi"]
[SourceDate "2009.07.11"]

1. c4 e5 2. Nc3 Nf6 3. Nf3 Nc6 4. a3 d5 5. cxd5 Nxd5 6. e4 Nf4 7. d4 exd4 8.
Bxf4 dxc3 9. Qxd8+ Nxd8 10. bxc3 Ne6 11. Bg3 Bc5 12. Bc4 O-O 13. O-O c6 14. a4
Rd8 15. a5 Kf8 16. Ne5 f6 17. a6 b5 18. Bxe6 Bxe6 19. Nxc6 Rd3 20. Rfc1 Rc8 21.
Nb4 Rd2 22. Rd1 Bxb4 23. cxb4 Rxd1+ 24. Rxd1 Rc6 25. f4 Ke7 26. f5 Bd7 27. Ra1
Bc8 28. Ra5 Bxa6 29. Kf2 Kd7 30. Ke3 Kc8 31. e5 fxe5 32. Bxe5 g6 33. f6 Kd7 34.
g4 h6 35. h4 g5 36. hxg5 hxg5 37. Ra1 Ke6 38. Bd4 Kf7 39. Rh1 Kg6 40. Rh8 Rc8
41. Rh2 Re8+ 42. Kd2 Bc8 43. Rf2 Kf7 44. Rg2 Re4 45. Kd3 Rxg4 46. Re2 Bf5+ 47.
Kc3 Be6 48. Re5 Rg3+ 49. Kc2 Rg2+ 50. Kc1 Rg4 51. Bc3 Kxf6 52. Rxb5+ Kg6 53.
Re5 Bc4 54. b5 Rf4 55. Rc5 g4 56. Bd2 Re4 57. Kc2 g3 58. Rg5+ Kf6 59. Rxg3 Bxb5
60. Be1 1/2-1/2

[Event "12. Open Internacional Málaga"]
[Site "Malaga ESP"]
[Date "2009.07.12"]
[Round "3.8"]
[White "Charleshouse, Glenn L"]
[Black "Fernandez Romero, Ernesto"]
[Result "1/2-1/2"]
[WhiteElo "2175"]
[BlackElo "2461"]
[PlyCount "127"]
[EventDate "2009.07.11"]
[EventType "swiss"]
[EventRounds "9"]
[EventCountry "ESP"]
[Source "lmi"]
[SourceDate "2009.07.11"]

1. e4 c5 2. Nf3 Nc6 3. d3 g6 4. g3 Bg7 5. Bg2 e6 6. O-O Nge7 7. Nbd2 d5 8. Re1
b6 9. e5 Qc7 10. Qe2 h6 11. h4 g5 12. hxg5 hxg5 13. Nxg5 Qxe5 14. Qxe5 Nxe5 15.
Ndf3 N5c6 16. c3 Ba6 17. Bf1 Rd8 18. Bd2 O-O 19. Rad1 e5 20. Nh4 Bc8 21. Kh2 f6
22. Ngf3 f5 23. Ng5 Bf6 24. Bh3 Kg7 25. f4 Bxg5 26. fxg5 Ng6 27. Nxg6 Kxg6 28.
Bg2 e4 29. Bf4 Ba6 30. dxe4 dxe4 31. g4 Bd3 32. Rxd3 Rxd3 33. gxf5+ Kxf5 34.
Bxe4+ Kxf4 35. Bxd3 Kxg5 36. Kg3 Rd8 37. Bb5 Rd6 38. Bxc6 Rxc6 39. Re7 a6 40.
Kf3 Kf5 41. Re8 Rh6 42. Re2 Rh3+ 43. Kg2 Rh1 44. Kf3 c4 45. Rg2 Re1 46. Rh2 Re6
47. Rh5+ Kg6 48. Rd5 Kf6 49. Rd4 Rc6 50. Rh4 Kg5 51. Rd4 Kf5 52. Rd5+ Ke6 53.
Ke4 b5 54. Rh5 Kd7 55. Rh7+ Kc8 56. Kd5 Rg6 57. Rh2 Kb7 58. Kc5 Rc6+ 59. Kd5
Kb6 60. Re2 Rc5+ 61. Kd4 Rc8 62. Re6+ Kb7 63. Re7+ Kb6 64. Re6+ 1/2-1/2

[Event "12. Open Internacional Málaga"]
[Site "Malaga ESP"]
[Date "2009.07.12"]
[Round "3.10"]
[White "Khamrakulov, Ibragim S"]
[Black "Stephen, Jesse"]
[Result "1/2-1/2"]
[WhiteElo "2553"]
[BlackElo "2275"]
[PlyCount "105"]
[EventDate "2009.07.11"]
[EventType "swiss"]
[EventRounds "9"]
[EventCountry "ESP"]
[Source "lmi"]
[SourceDate "2009.07.11"]

1. e4 e6 2. d4 d5 3. Nd2 Nf6 4. e5 Nfd7 5. Bd3 c5 6. c3 Nc6 7. Ne2 cxd4 8. cxd4
f6 9. exf6 Nxf6 10. Nf3 Bd6 11. Bf4 Bxf4 12. Nxf4 O-O 13. O-O Qd6 14. g3 Qb4
15. b3 Bd7 16. a3 Qb6 17. Re1 Rae8 18. Ra2 Nxd4 19. Nxd4 e5 20. Nxd5 Nxd5 21.
Bc4 exd4 22. Bxd5+ Kh8 23. Rxe8 Rxe8 24. Rd2 Bh3 25. Bg2 Bxg2 26. Kxg2 Rd8 27.
Qf3 h6 28. Rd3 Qc7 29. Qe4 Qd7 30. g4 Kg8 31. b4 b6 32. h4 Qd6 33. g5 hxg5 34.
hxg5 g6 35. f4 Kf7 36. Kf3 Qd7 37. Kg3 Qf5 38. Kf3 Qh3+ 39. Kf2 Qh2+ 40. Kf1
Qb2 41. Rf3 Qc1+ 42. Kf2 Qd2+ 43. Qe2 Qxe2+ 44. Kxe2 Ke6 45. Rh3 Kf5 46. Rh7
Ke4 47. Rxa7 Rh8 48. Re7+ Kxf4 49. Rd7 Rh3 50. a4 Ra3 51. Rb7 Kxg5 52. Rxb6
Rxa4 53. Kd3 1/2-1/2

[Event "12. Open Internacional Málaga"]
[Site "Malaga ESP"]
[Date "2009.07.12"]
[Round "3.11"]
[White "Rivas Pastor, Manuel"]
[Black "Teijeiro Barros, Alberto"]
[Result "1-0"]
[WhiteElo "2525"]
[BlackElo "2198"]
[PlyCount "55"]
[EventDate "2009.07.11"]
[EventType "swiss"]
[EventRounds "9"]
[EventCountry "ESP"]
[Source "lmi"]
[SourceDate "2009.07.11"]

1. c4 c5 2. Nc3 Nf6 3. g3 d5 4. cxd5 Nxd5 5. Bg2 Nc7 6. d3 e5 7. Be3 Be7 8. Rc1
Nd7 9. Nf3 O-O 10. O-O Kh8 11. Nd2 f5 12. Na4 Ne6 13. Nb3 f4 14. Naxc5 Ndxc5
15. Bxc5 Ng5 16. h4 Nh3+ 17. Kh2 Bxc5 18. Rxc5 fxg3+ 19. fxg3 Nf2 20. Qc1 Ng4+
21. Kh1 Rxf1+ 22. Qxf1 Qe7 23. Rc7 Bd7 24. Qf3 Qd6 25. Rxb7 e4 26. Qf4 Qxf4 27.
gxf4 Bc6 28. Re7 1-0

[Event "12. Open Internacional Málaga"]
[Site "Malaga ESP"]
[Date "2009.07.12"]
[Round "3.12"]
[White "Carlsson, Pontus"]
[Black "Sanchez Quiroga, Miguel Angel"]
[Result "1-0"]
[WhiteElo "2494"]
[BlackElo "2191"]
[PlyCount "52"]
[EventDate "2009.07.11"]
[EventType "swiss"]
[EventRounds "9"]
[EventCountry "ESP"]
[Source "lmi"]
[SourceDate "2009.07.11"]

1. e4 c5 2. Nf3 e6 3. d4 cxd4 4. Nxd4 a6 5. Bd3 Qb6 6. c3 Nc6 7. Be3 Bc5 8. Nd2
Qxb2 9. Rc1 Ne5 10. Be2 Nf6 11. O-O Qb6 12. Kh1 Qc7 13. f4 Ng6 14. f5 Ne5 15.
Qe1 Neg4 16. Bxg4 Nxg4 17. Bf4 e5 18. Qg3 h5 19. Bg5 f6 20. Bh4 b5 21. h3 Qb6
22. N4f3 Ne3 23. Qxg7 Rf8 24. Rfe1 Bb7 25. Qg6+ Ke7 26. Nxe5 Rg8 1-0

[Event "12. Open Internacional Málaga"]
[Site "Malaga ESP"]
[Date "2009.07.12"]
[Round "3.13"]
[White "Levin, Felix"]
[Black "Gutierrez Castillo, Paloma"]
[Result "1/2-1/2"]
[WhiteElo "2491"]
[BlackElo "2132"]
[PlyCount "77"]
[EventDate "2009.07.11"]
[EventType "swiss"]
[EventRounds "9"]
[EventCountry "ESP"]
[Source "lmi"]
[SourceDate "2009.07.11"]

1. d4 Nf6 2. c4 g6 3. Nc3 Bg7 4. e4 d6 5. Be2 O-O 6. Bg5 Nbd7 7. Qd2 c6 8. f3
a6 9. Nh3 b5 10. Nf2 Bb7 11. O-O bxc4 12. Bxc4 d5 13. Bb3 dxe4 14. fxe4 e5 15.
dxe5 Nxe5 16. Qf4 Nh5 17. Qe3 Qa5 18. Na4 Rae8 19. Nc5 Bc8 20. Rac1 Nf6 21. h3
Nfd7 22. Na4 Kh8 23. Qd2 Qxd2 24. Bxd2 Bb7 25. Bb4 Rg8 26. Rcd1 Bc8 27. Bd6 Bf8
28. Nh1 Bxd6 29. Rxd6 Rgf8 30. Rfd1 Kg7 31. Nf2 Re7 32. a3 a5 33. Rc1 Ba6 34.
Ba2 Rb8 35. Rd2 Bb5 36. Nc5 Nb6 37. b3 a4 38. b4 Nbc4 39. Bxc4 1/2-1/2

[Event "12. Open Internacional Málaga"]
[Site "Malaga ESP"]
[Date "2009.07.12"]
[Round "3.14"]
[White "Cruz Ravina, Francisco Javier"]
[Black "Djuric, Stefan"]
[Result "0-1"]
[WhiteElo "2345"]
[BlackElo "2437"]
[PlyCount "74"]
[EventDate "2009.07.11"]
[EventType "swiss"]
[EventRounds "9"]
[EventCountry "ESP"]
[Source "lmi"]
[SourceDate "2009.07.11"]

1. e4 c5 2. Nf3 e6 3. c4 Nc6 4. Nc3 Nf6 5. a3 b6 6. g3 Bb7 7. Bg2 d6 8. d4 cxd4
9. Nxd4 Nxd4 10. Qxd4 Be7 11. O-O O-O 12. Rd1 Qb8 13. b4 Rc8 14. Bb2 Ne8 15.
Bf1 Bf6 16. Qe3 Ba6 17. b5 Bb7 18. Na4 Qc7 19. Bxf6 Nxf6 20. f3 Rd8 21. Rac1
Rac8 22. Qd4 Qe7 23. Rc3 h6 24. Re3 Qf8 25. Bh3 Nh7 26. Nc3 Ng5 27. Bg2 Qe7 28.
f4 Nh7 29. Red3 Nf6 30. R3d2 Qc7 31. Bf1 e5 32. fxe5 dxe5 33. Qe3 Rxd2 34. Rxd2
Ng4 35. Qf3 Qc5+ 36. Kh1 Qxa3 37. Rd7 Bxe4 0-1

[Event "12. Open Internacional Málaga"]
[Site "Malaga ESP"]
[Date "2009.07.12"]
[Round "3.15"]
[White "Yeo, Michael J"]
[Black "Terron Elena, Francisco M"]
[Result "1/2-1/2"]
[WhiteElo "2136"]
[BlackElo "2282"]
[PlyCount "100"]
[EventDate "2009.07.11"]
[EventType "swiss"]
[EventRounds "9"]
[EventCountry "ESP"]
[Source "lmi"]
[SourceDate "2009.07.11"]

1. e4 e5 2. Nf3 Nc6 3. Bc4 Nf6 4. Ng5 d5 5. exd5 Nd4 6. c3 b5 7. Bf1 Nxd5 8.
cxd4 Qxg5 9. dxe5 Qxe5+ 10. Qe2 Qxe2+ 11. Bxe2 Nb4 12. Bxb5+ c6 13. a3 cxb5 14.
axb4 Bxb4 15. Nc3 O-O 16. O-O Be6 17. d4 Bc4 18. Re1 a5 19. Be3 a4 20. Rec1 a3
21. bxa3 Bxa3 22. Rc2 f5 23. Nxb5 Bxb5 24. Rca2 f4 25. Bd2 Rad8 26. Rxa3 Rxd4
27. Bc3 Rd7 28. f3 Rfd8 29. g3 Rd3 30. Be5 fxg3 31. hxg3 Bc6 32. Ra7 R8d7 33.
Rxd7 Rxd7 34. Ra3 Rd5 35. Bf4 g5 36. Be3 Rf5 37. f4 g4 38. Rc3 Bf3 39. Rc7 Rh5
40. Kf1 Rd5 41. Bf2 h5 42. Rc5 Rd1+ 43. Be1 Bd5 44. Ke2 Rd4 45. Bf2 Bf3+ 46.
Kf1 Rd1+ 47. Be1 Bd5 48. Ke2 Rd4 49. Bf2 Bf3+ 50. Kf1 Rd1+ 1/2-1/2

[Event "12. Open Internacional Málaga"]
[Site "Malaga ESP"]
[Date "2009.07.12"]
[Round "3.16"]
[White "Jimenez Capilla, Jose Alfonso"]
[Black "Kurajica, Bojan"]
[Result "0-1"]
[WhiteElo "2023"]
[BlackElo "2524"]
[PlyCount "92"]
[EventDate "2009.07.11"]
[EventType "swiss"]
[EventRounds "9"]
[EventCountry "ESP"]
[Source "lmi"]
[SourceDate "2009.07.11"]

1. d4 Nf6 2. Nf3 e6 3. e3 c5 4. Bd3 b6 5. b3 Bb7 6. Bb2 cxd4 7. exd4 Bb4+ 8. c3
Be7 9. Nbd2 O-O 10. O-O Nd5 11. Re1 Nc6 12. Nc4 Rc8 13. Rc1 Nf4 14. Bf1 Rc7 15.
Ne3 d5 16. g3 Nh5 17. Ne5 Nf6 18. N3g4 Ne4 19. f3 Nd6 20. Bd3 Nb8 21. Bb1 Bg5
22. Rc2 Nc6 23. Nxc6 Bxc6 24. Ne5 Bb7 25. Rf2 g6 26. h4 Bh6 27. h5 Nf5 28. Ng4
Bg7 29. hxg6 fxg6 30. Bxf5 exf5 31. Ne5 f4 32. g4 Re8 33. Nd3 Rf8 34. Qe2 h6
35. Rh2 Kh7 36. Qd2 Qf6 37. Ba3 Rfc8 38. Bb2 Rf7 39. Ne5 Re7 40. Ba3 Re6 41.
Nd3 Re3 42. Rf2 Qh4 43. Nxf4 Rexc3 44. Ng2 Qg3 45. Re3 Rc2 46. f4 Qxf2+ 0-1

[Event "12. Open Internacional Málaga"]
[Site "Malaga ESP"]
[Date "2009.07.12"]
[Round "3.18"]
[White "Guerra Bastida, Diego"]
[Black "Guerreiro, Nuno"]
[Result "1-0"]
[WhiteElo "2419"]
[BlackElo "2095"]
[PlyCount "51"]
[EventDate "2009.07.11"]
[EventType "swiss"]
[EventRounds "9"]
[EventCountry "ESP"]
[Source "lmi"]
[SourceDate "2009.07.11"]

1. e4 Nc6 2. Nf3 Nf6 3. Nc3 d5 4. exd5 Nxd5 5. Bc4 Nb6 6. Bb3 Bf5 7. d4 e6 8.
O-O Be7 9. a4 a5 10. Re1 O-O 11. Nb5 Nb4 12. Bf4 N6d5 13. Bg3 c6 14. Na3 Re8
15. Ne5 Bg5 16. c3 Na6 17. Nac4 Rc8 18. Qf3 c5 19. Nxf7 Kxf7 20. Nd6+ Kg8 21.
Bxd5 Rf8 22. Rxe6 Bxe6 23. Bxe6+ Kh8 24. Nf7+ Rxf7 25. Qxf7 Qe8 26. Qf5 1-0

[Event "12. Open Internacional Málaga"]
[Site "Malaga ESP"]
[Date "2009.07.12"]
[Round "3.19"]
[White "Fomani, Medhi"]
[Black "Valmana Canto, Jaime"]
[Result "0-1"]
[WhiteElo "2036"]
[BlackElo "2348"]
[PlyCount "90"]
[EventDate "2009.07.11"]
[EventType "swiss"]
[EventRounds "9"]
[EventCountry "ESP"]
[Source "lmi"]
[SourceDate "2009.07.11"]

1. d4 g6 2. Nf3 Bg7 3. g3 d5 4. Bg2 Nf6 5. O-O O-O 6. c4 c6 7. Nc3 dxc4 8. Ne5
Ng4 9. Nf3 e5 10. e3 exd4 11. exd4 Be6 12. h3 Nf6 13. Bg5 h6 14. Be3 Nbd7 15.
Qd2 Kh7 16. a4 a5 17. Qe2 Nd5 18. Nd2 N7b6 19. Rfd1 Re8 20. Nde4 Qc7 21. Kh2 f5
22. Nc5 f4 23. gxf4 Nxf4 24. Bxf4 Qxf4+ 25. Kg1 Bxh3 26. Qf3 Qxf3 27. Bxf3 Re7
28. Nxb7 Rxb7 29. Bxc6 Rab8 30. Bxb7 Rxb7 31. Rd2 Rd7 32. Nb5 Rd5 33. f3 Bd7
34. Nc3 Bxd4+ 35. Kf1 Bxc3 36. Rxd5 Nxd5 37. bxc3 Nxc3 38. Ke1 Nxa4 39. Rd1 Bf5
40. Rd5 c3 41. Rxa5 c2 42. Kd2 Nc3 43. Ra1 Nb1+ 44. Kc1 h5 45. f4 h4 0-1

[Event "12. Open Internacional Málaga"]
[Site "Malaga ESP"]
[Date "2009.07.12"]
[Round "3.20"]
[White "Corrales Ibanez, Pedro Luis"]
[Black "Ortega Ruiz, Jose Miguel"]
[Result "1-0"]
[WhiteElo "2010"]
[BlackElo "2344"]
[PlyCount "77"]
[EventDate "2009.07.11"]
[EventType "swiss"]
[EventRounds "9"]
[EventCountry "ESP"]
[Source "lmi"]
[SourceDate "2009.07.11"]

1. e4 c5 2. d4 cxd4 3. c3 dxc3 4. Nxc3 Nc6 5. Nf3 e6 6. Bc4 a6 7. a4 Qc7 8. Qe2
Nf6 9. O-O Ng4 10. g3 Nce5 11. Nxe5 Nxe5 12. Ba2 Bc5 13. Bf4 d6 14. Rac1 Qe7
15. Be3 h5 16. Bxc5 dxc5 17. f4 Nc6 18. e5 Nd4 19. Qd3 b6 20. Ne4 a5 21. Nd6+
Kf8 22. Nxc8 Rxc8 23. Qxd4 Rd8 24. Qe3 g6 25. Rfd1 Kg7 26. Bc4 Rd7 27. Bb5 Rd5
28. Bc6 Rdd8 29. Qf3 Rd4 30. Rxd4 cxd4 31. Qd3 Qb4 32. b3 Rd8 33. Rc4 Qe1+ 34.
Kg2 Qa1 35. Be4 Rd7 36. Rc6 h4 37. Bxg6 fxg6 38. Rxe6 Kh8 39. Qxg6 1-0

[Event "12. Open Internacional Málaga"]
[Site "Malaga ESP"]
[Date "2009.07.12"]
[Round "3.21"]
[White "Garrido Dominguez, Jesus"]
[Black "Delgado Lozano, Jose Manuel"]
[Result "1-0"]
[WhiteElo "2333"]
[BlackElo "2010"]
[PlyCount "69"]
[EventDate "2009.07.11"]
[EventType "swiss"]
[EventRounds "9"]
[EventCountry "ESP"]
[Source "lmi"]
[SourceDate "2009.07.11"]

1. e4 c6 2. d4 d5 3. Nd2 dxe4 4. Nxe4 Nd7 5. Qe2 e6 6. Nf3 Ngf6 7. c3 Nxe4 8.
Qxe4 Nf6 9. Qc2 Be7 10. Bd3 Qc7 11. Bg5 h6 12. Bh4 c5 13. Bb5+ Bd7 14. Bxd7+
Nxd7 15. Bxe7 Kxe7 16. O-O-O Rhd8 17. d5 Qf4+ 18. Kb1 Nf8 19. Rhe1 b5 20. Ne5
Rd6 21. g3 Qa4 22. b3 Qa6 23. Qe4 Qb7 24. Qf4 f6 25. Nc6+ Rxc6 26. dxc6 Qxc6
27. Rd2 e5 28. Qg4 g6 29. Qh4 Qe6 30. Qxh6 Qf7 31. Red1 a5 32. Qe3 Rc8 33. Qe4
Rc7 34. Qa8 Ne6 35. Qxa5 1-0

[Event "12. Open Internacional Málaga"]
[Site "Malaga ESP"]
[Date "2009.07.12"]
[Round "3.22"]
[White "Jimenez Ruiz, Jose Carlos"]
[Black "Gutierrez Jimenez, Juan Manuel"]
[Result "0-1"]
[WhiteElo "1985"]
[BlackElo "2287"]
[PlyCount "86"]
[EventDate "2009.07.11"]
[EventType "swiss"]
[EventRounds "9"]
[EventCountry "ESP"]
[Source "lmi"]
[SourceDate "2009.07.11"]

1. c4 d6 2. g3 e5 3. Bg2 f5 4. d4 Nd7 5. Nc3 Ngf6 6. Nf3 c6 7. O-O Be7 8. Qc2
e4 9. Nd2 Nb6 10. b3 Be6 11. e3 d5 12. a4 Nbd7 13. Ba3 O-O 14. Bxe7 Qxe7 15. c5
g5 16. f3 exf3 17. Nxf3 h6 18. b4 Ne4 19. b5 Bf7 20. bxc6 bxc6 21. Rab1 Rab8
22. Rxb8 Rxb8 23. Nd2 Nxd2 24. Qxd2 Bg6 25. Re1 Nf6 26. Bf1 Qc7 27. Bd3 Ne4 28.
Nxe4 fxe4 29. Be2 Kg7 30. Rf1 a5 31. Bg4 Rb4 32. Qf2 Qe7 33. Bd1 Be8 34. Qe2
Qb7 35. Qf2 Qe7 36. Qe2 Bd7 37. Qa6 Bh3 38. Qxa5 Qb7 39. Re1 Rb2 40. Bh5 g4 41.
Qc3 Rb1 42. Be8 Rxe1+ 43. Qxe1 Qb2 0-1

[Event "12. Open Internacional Málaga"]
[Site "Malaga ESP"]
[Date "2009.07.12"]
[Round "3.23"]
[White "Cruz Alvarez de Ron, Dan"]
[Black "Morales De La Rosa, Enrique"]
[Result "1/2-1/2"]
[WhiteElo "2284"]
[BlackElo "1993"]
[PlyCount "86"]
[EventDate "2009.07.11"]
[EventType "swiss"]
[EventRounds "9"]
[EventCountry "ESP"]
[Source "lmi"]
[SourceDate "2009.07.11"]

1. Nf3 Nf6 2. c4 c5 3. Nc3 Nc6 4. d4 cxd4 5. Nxd4 g6 6. e4 Bg7 7. Be3 d6 8. Be2
Nxd4 9. Bxd4 O-O 10. O-O Bd7 11. f3 Bc6 12. Qd2 Nd7 13. Be3 a5 14. b3 Nc5 15.
Rac1 Re8 16. Rfd1 Rc8 17. Bf1 Qb6 18. Nd5 Bxd5 19. exd5 Qb4 20. Qf2 Qa3 21. Rb1
Na6 22. Bc1 Qc5 23. Qxc5 Nxc5 24. g3 Ra8 25. Kf2 f5 26. h4 Bf6 27. Be2 Kf7 28.
Bf1 b6 29. Kg2 Ra7 30. Be3 Raa8 31. Bf2 Ra7 32. Rdc1 Raa8 33. Rc2 Rab8 34. Be2
Rec8 35. Rcc1 Re8 36. a3 Rec8 37. b4 axb4 38. axb4 Nd7 39. Rb3 Ra8 40. Rc2 Ra1
41. f4 Rca8 42. Be3 R8a3 43. Rxa3 Rxa3 1/2-1/2